| 000 | 01138nam a22001937a 4500 | ||
|---|---|---|---|
| 001 | 2641 | ||
| 003 | FISKH | ||
| 005 | 20251117163321.0 | ||
| 008 | 240108b cb ||||| |||| 00| 0 eng d | ||
| 040 |
_aFISKH _beng _cFISKH _dFISKH |
||
| 082 | _a808.068 | ||
| 100 | _aDennis, Richard P. | ||
| 245 |
_aJunior Great Books : _bSeries 8, Volume Two / |
||
| 250 | _aPaperback January 1, 1984 | ||
| 260 |
_aIllinois : _bThe Great Books Foundations, _c1984 |
||
| 300 |
_a163 pages : _c21 cm |
||
| 520 | _aJunior Great Books is a strong, inquiry-based language arts program that refines and extends students’ skills in reading, thinking, and communicating. The program is a model of student-centered learning in which students work with complex ideas and rigorous texts. The program uses well-crafted, multicultural reading selections that are rich in ideas and invite a number of interpretations. Through consistent use of the program students develop their reading and thinking skills by asking questions, formulating and sharing their opinions, and supporting their ideas with evidence from the selections they read.. | ||
| 942 |
_2ddc _cBK _n0 |
||
| 999 |
_c2641 _d2641 |
||